00960nam a2200229 i 4500001000700000003000900007005001700016007000300033008004100036080002000077080002100097100004400118245012800162260003800290300003000328700003700358852003200395852003200427999001900459952012600478952012600604128873ES-MaACL20230906193359.0t|070529s1962 sp ||||1| spa d a914.642 T.(026) a7(464.2 T.)(026)1 aTéllez González, Guillermo.910964110aToledo es así / ctexto de Guillermo Téllez ; fotografías de Rodríguez, fotoestudio, foto Flores y Díaz del Viso. aToledo : bGómez Menor, c1962. a111 p. : bil. ; c20 cm.1 aRodríguez (fotógrafo)998527 aES-MaACLjC-22383 bR.50653 aES-MaACLjC-22218 bR.50569 c128873d128873 00104070aATENEOMbATENEOMcGaleríad2008-01-17eSCl0oC-22218p1134208r2023-02-23 00:00:00w2023-02-23yMONOGRAFIA 00104070aATENEOMbATENEOMcGaleríad2008-01-17eSCl0oC-22383p1134207r2023-02-23 00:00:00w2023-02-23yMONOGRAFIA